FBS Stadiums - Statistics

General Stats
  • This quiz has been taken 17 times
  • The average score is 53 of 136
Answer Stats
Hint Answer % Correct
Arizona Stadium Arizona
92%
Delaware Stadium Delaware
92%
Saban Field at Bryant–Denny Stadium Alabama
83%
David Booth Kansas Memorial Stadium Kansas
83%
Cajun Field Louisiana
83%
Hard Rock Stadium Miami
83%
Notre Dame Stadium Notre Dame
83%
Ohio Stadium Ohio State
83%
Alaska Airlines Field at Husky Stadium Washington
83%
Frank Howard Field at Clemson Memorial Stadium Clemson
75%
Gaylord Family Oklahoma Memorial Stadium Oklahoma
75%
Rice Stadium Rice
75%
Rose Bowl Stadium UCLA
75%
Alamodome UTSA
75%
California Memorial Stadium California
67%
Pitbull Stadium FIU
67%
Tiger Stadium LSU
67%
Michigan Stadium Michigan
67%
Spartan Stadium Michigan State
67%
Navy–Marine Corps Memorial Stadium Navy
67%
Aggie Memorial Stadium New Mexico State
67%
Autzen Stadium Oregon
67%
Beaver Stadium Penn State
67%
Neyland Stadium Tennessee
67%
Allegiant Stadium UNLV
67%
Camp Randall Stadium Wisconsin
67%
Frank Kush Field, Home of the ASU Sun Devils/Mountain America Stadium Arizona State
58%
Donald W. Reynolds Razorback Stadium, Frank Broyles Field Arkansas
58%
Bobby Bowden Field at Doak S. Campbell Stadium Florida State
58%
Sanford Stadium Georgia
58%
Bobby Dodd Stadium at Hyundai Field Georgia Tech
58%
Kinnick Stadium Iowa
58%
Bill Snyder Family Football Stadium Kansas State
58%
Northwestern Medicine Field at Martin Stadium Northwestern
58%
Acrisure Stadium Pittsburgh
58%
Gerald J. Ford Stadium SMU
58%
Raymond James Stadium South Florida
58%
JMA Wireless Dome Syracuse
58%
Lincoln Financial Field Temple
58%
Darrell K Royal–Texas Memorial Stadium Texas
58%
Kyle Field Texas A&M
58%
Los Angeles Memorial Coliseum USC
58%
Falcon Stadium Air Force
50%
Albertsons Stadium Boise State
50%
LaVell Edwards Stadium BYU
50%
Folsom Field Colorado
50%
Huntington Bank Stadium Minnesota
50%
Boone Pickens Stadium Oklahoma State
50%
Ross–Ade Stadium Purdue
50%
Stanford Stadium Stanford
50%
Glass Bowl Toledo
50%
Acrisure Bounce House UCF
50%
Nippert Stadium Cincinnati
42%
Steve Spurrier-Florida Field at Ben Hill Griffin Stadium Florida
42%
Clarence T. C. Ching Athletics Complex Hawaiʻi
42%
Fifth Third Stadium Kennesaw State
42%
Memorial Stadium, Tom Osborne Field Nebraska
42%
Jones AT&T Stadium Texas Tech
42%
Sun Bowl Stadium UTEP
42%
Mountaineer Field at Milan Puskar Stadium West Virginia
42%
Pat Dye Field at Jordan–Hare Stadium Auburn
33%
Alumni Stadium Boston College
33%
Doyt L. Perry Stadium Bowling Green
33%
UB Stadium Buffalo
33%
Brooks Field at Wallace Wade Stadium Duke
33%
Howard Schnellenberger Field at Flagler Credit Union Stadium Florida Atlantic
33%
Center Parc Stadium Georgia State
33%
John O'Quinn Field at Space City Financial Stadium Houston
33%
Jack Trice Stadium Iowa State
33%
Dix Stadium Kent State
33%
Kroger Field at C.M. Newton Grounds Kentucky
33%
DATCU Stadium North Texas
33%
Frank Solich Field at Peden Stadium Ohio
33%
Reser Stadium Oregon State
33%
Snapdragon Stadium San Diego State
33%
Hancock Whitney Stadium South Alabama
33%
Rice–Eccles Stadium Utah
33%
InfoCision Stadium–Summa Field Akron
25%
Blaik Field at Michie Stadium Army
25%
McLane Stadium Baylor
25%
McColl–Richardson Field at Jerry Richardson Stadium Charlotte
25%
Brooks Stadium Coastal Carolina
25%
Rynearson Stadium Eastern Michigan
25%
Burgess–Snow Field at AmFirst Stadium Jacksonville State
25%
Davis Wade Stadium at Scott Field Mississippi State
25%
Faurot Field at Memorial Stadium Missouri
25%
Wayne Day Family Field at Carter–Finley Stadium NC State
25%
Kenan Stadium North Carolina
25%
CEFCU Stadium San Jose State
25%
Amon G. Carter Stadium TCU
25%
Benson Field at Yulman Stadium Tulane
25%
FirstBank Stadium Vanderbilt
25%
Carl Smith Center, Home of David A. Harrison III Field at Scott Stadium Virginia
25%
Lane Stadium/Worsham Field Virginia Tech
25%
Kidd Brewer Stadium Appalachian State
17%
Centennial Bank Stadium Arkansas State
17%
Sonny Lubick Field at Canvas Stadium Colorado State
17%
Bagwell Field at Dowdy–Ficklen Stadium East Carolina
17%
Gies Memorial Stadium Illinois
17%
Bridgeforth Stadium James Madison
17%
Malone Stadium Louisiana-Monroe
17%
Simmons Bank Liberty Stadium Memphis
17%
Johnny "Red" Floyd Stadium Middle Tennessee
17%
Mackay Stadium Nevada
17%
Brigham Field at Huskie Stadium NIU
17%
Vaught–Hemingway Stadium at Hollingsworth Field Ole Miss
17%
SHI Stadium Rutgers
17%
Elliott T. Bowers Stadium Sam Houston
17%
Carlisle-Faulkner Field at M.M. Roberts Stadium Southern Miss
17%
Jim Wacker Field at UFCU Stadium Texas State
17%
Skelly Field at H. A. Chapman Stadium Tulsa
17%
Protective Stadium UAB
17%
Warren McGuirk Alumni Stadium UMass
17%
Merlin Olsen Field at Maverik Stadium Utah State
17%
Allegacy Federal Credit Union Stadium Wake Forest
17%
Martin Stadium Washington State
17%
Houchens Industries–L. T. Smith Stadium at Jimmy Feix Field Western Kentucky
17%
Waldo Stadium Western Michigan
17%
Jonah Field at War Memorial Stadium Wyoming
17%
Scheumann Stadium Ball State
8%
Kramer/Deromedi Field at Kelly/Shorts Stadium Central Michigan
8%
Valley Children's Stadium Fresno State
8%
Allen E. Paulson Stadium Georgia Southern
8%
Merchants Bank Field at Memorial Stadium Indiana
8%
Arthur L. Williams Stadium Liberty
8%
Joe Aillet Stadium Louisiana Tech
8%
L&N Federal Credit Union Stadium Louisville
8%
Joan C. Edwards Stadium Marshall
8%
SECU Stadium Maryland
8%
Fred C. Yager Stadium Miami
8%
Robert W. Plaster Stadium Missouri State
8%
University Stadium New Mexico
8%
Kornblau Field at S.B. Ballard Stadium Old Dominion
8%
Williams–Brice Stadium South Carolina
8%
Veterans Memorial Stadium at Larry Blakeney Field Troy
8%
Pratt & Whitney Stadium at Rentschler Field UConn
8%
No matching quizzes found
Score Distribution
Percent of People with Each Score
Percentile by Number Answered
Your Score History
You have not taken this quiz